Patrimonio arqueológico en áreas silvestres protegidas

保存先:
書誌詳細
主要な著者: Massone Mezzano, Mauricio (autor), Seguel Quintana, Rozana (著者)
フォーマット: 図書
言語:スペイン語
出版事項: Santiago Dibam 1994
Santiago Centro de Investigaciones Barros Arana 1994
主題:
タグ: タグ追加
タグなし, このレコードへの初めてのタグを付けませんか!

MARC

LEADER 00000cam a2200000 a 4500
001 UCG8779
003 CL-VaPUC
008 111229e19940000CL |||||||||||||||||spa|d
020 |a 9562440346 
082 0 4 |a 344  |b MAS  |2 21 
100 |a Massone Mezzano, Mauricio  |e autor  |9 574310 
700 0 |a Seguel Quintana, Rozana  |e author  |9 559948 
245 1 0 |a Patrimonio arqueológico en áreas silvestres protegidas 
300 |a 174 p 
942 |c BK 
945 |d 20111229 00:00:00  |a dcastane 
260 |a Santiago  |b Dibam  |c 1994 
260 |a Santiago  |b Centro de Investigaciones Barros Arana  |c 1994 
650 0 |a Patrimonio  |9 257770 
650 0 |a Patrimonio arqueológico   |9 523070 
650 7 |a CONSERVACION DEL PATRIMONIO  |2 CL-VaPUC  |9 523076 
650 0 |a Arqueología   |9 265619 
650 0 |a Áreas protegidas  |9 548645 
583 |a last modification  |c 20111229 10:48:00  |k Rodrigo Vera 
999 |c 346377  |d 346375 
952 |0 0  |1 0  |4 0  |6 344_000000000000000_MAS_1994_1994  |7 0  |8 A  |9 447054  |a BIBHIS  |b BIBHIS  |d 2019-11-22  |i 4819063  |o 344 MAS 1994 1994  |p 4819063  |r 2025-01-20  |w 2019-11-22  |y BK  |k HIS